00459nam a22001457a 4500020000800000040001600008082001700024100003100041245004700072260003500119300002900154942001200183999001900195952009900214 qPB. cFIZZA ISHAQ a338.973bDON a Donovan , John C.9133844 aThe politics of poverty /cJohn C Donovan. aNew York:b‎ Pegasus,c1967. a157 P. ;c8 X 5.3 inches 2ddccBK c616823d616823 00102ddc4070aNQCbNQCcGENd2026-04-03l0o338.973 DONpQD-544r2026-04-03w2026-04-03yBK